000 00562nam a2200193Ia 4500
999 _c28430
_d28430
001 28302
005 20181120095547.0
008 140415s9999 xx 000 0 und d
020 _a0-419-22030-5
040 _cPK-LaUMT
082 _a 613.70951
_bSPO-
245 _aSport and physical education in China /
_cedited by James Riordan and Robin Jones
260 _aLondon,UK:
_bIntertiol society for Comparative Physical Education and Sport,
_c1999
300 _a278 p.
546 _aEN
650 _aSports-Chi-History
700 _arobin Jones
942 _cBK